00510nam a2200181 a 450000100060000000300090000600800410001504000280005608200170008410000270010124500170012826000270014530000100017250500660018265000360024865000190028465000250030315009CO-ViMGA141112s2004 ck r 000 u spa d aCO-ViMGAbspacCO-ViMGA04a301.158 I5571 aInstituto Maria Cano, 10aMuerte y paz aBtá, cIsmac, c1993 a43.p. aPena de muerte Movimiento por la paz Situación social y paz14aCONDICIONES SOCIALES - COLOMBIA14aPAZ - COLOMBIA14aVIOLENCIA - COLOMBIA